000 00598nam a2200229 i 4500
001 C2-0241657
003 PPAK
005 20180727203935.0
008 020811s1974 enk |||| ||||| | eng d
040 _aPPAK
_beng
_cPPAK
_erda
082 0 4 _a823
_223
090 0 0 _a823
_bBLY
_dKSI
100 1 _aBlyton, Enid,
_eauthor
245 1 4 _aThe family at red-roofs
264 1 _aLondon :
_bMay Fair Books Ltd. ,
_c1974
300 _a160 pages ;
_c18 cm
336 _2rdacontent
_atext
337 _2rdamedia
_aunmediated
338 _2rdacarrier
_avolume
650 1 0 _aEnglish fiction
942 _ddc
_cB
999 _c56608
_d56608